[Event "Polugaevsky Memorial 2016"]
[Site "Samara RUS"]
[Date "2016.07.05"]
[Round "3.6"]
[White "Litvinov, Maxim"]
[Black "Kozionov, Kirill"]
[Result "1/2-1/2"]
[BlackTitle "IM"]
[WhiteElo "2373"]
[BlackElo "2440"]
[WhiteFideId "24157449"]
[BlackFideId "24101729"]
[EventDate "2016.07.03"]

1. e4 e5 2. Nf3 Nc6 3. Bb5 Nf6 4. d3 Bc5 5. O-O d6 6. c3 O-O 7. Nbd2 a6 8. Ba4
Ba7 9. h3 Ne7 10. Re1 Ng6 11. Nf1 c6 12. Ng3 d5 13. Be3 Bxe3 14. Rxe3 dxe4 15.
dxe4 Be6 16. Bb3 Qxd1+ 17. Rxd1 Bxb3 18. axb3 Rfd8 19. Red3 Rxd3 20. Rxd3 Re8
21. b4 Re7 22. Nf5 Re8 23. Nd6 Re7 24. g3 Kf8 25. Kf1 Rd7 26. Ke2 Ke7 27. Nf5+
Kf8 28. Nd2 Ne7 29. Nd6 Ne8 30. N6c4 Rxd3 31. Kxd3 f6 32. Nb3 b5 33. Ne3 Nc8 34.
Nc5 Nc7 35. f4 exf4 36. gxf4 Kf7 37. e5 fxe5 38. fxe5 Ne6 39. Ng2 Nb6 40. Nxe6
Kxe6 41. Ke4 Nc4 42. Nf4+ Ke7 43. Nd3 Nd2+ 44. Ke3 Nb3 45. Ke4 Nd2+ 46. Kf4 Nc4
47. b3 Nb6 48. Ke4 Nd7 49. c4 Nf8 50. h4 Ne6 51. Nf2 Kf7 52. Ng4 Kg6 53. Ne3 Kh5
54. Kf5 Nd4+ 55. Ke4 Ne6 1/2-1/2

[Event "Polugaevsky Memorial 2016"]
[Site "Samara RUS"]
[Date "2016.07.05"]
[Round "3.7"]
[White "Salemgareev, Tagir"]
[Black "Oganian, Miran"]
[Result "0-1"]
[BlackTitle "IM"]
[WhiteElo "2253"]
[BlackElo "2433"]
[WhiteFideId "24199052"]
[BlackFideId "4122488"]
[EventDate "2016.07.03"]

1. d4 Nf6 2. c4 e6 3. Nf3 b6 4. g3 Ba6 5. b3 Bb4+ 6. Bd2 Be7 7. Bg2 c6 8. O-O d5
9. Qc2 O-O 10. Bf4 Nbd7 11. Nbd2 Nh5 12. Be3 Rc8 13. Ne5 Nxe5 14. dxe5 d4 15.
Bf3 dxe3 16. Ne4 exf2+ 17. Kg2 f5 18. exf6 Nxf6 19. Ng5 Qd6 20. Bg4 Qe5 21.
Bxe6+ Kh8 22. Bxc8 Bxc8 23. Nf3 Qh5 24. Rxf2 Ng4 25. Qe4 Bc5 26. Rff1 Rxf3 27.
h4 Ne3+ 28. Kh1 Rxf1+ 29. Rxf1 Nxf1 30. Qxc6 Nxg3+ 31. Kg2 Qxe2+ 32. Kxg3 Qf2# 0-1

[Event "Polugaevsky Memorial 2016"]
[Site "Samara RUS"]
[Date "2016.07.05"]
[Round "3.8"]
[White "Fedorov, Alexei"]
[Black "Kovalev, Egor"]
[Result "1-0"]
[WhiteTitle "GM"]
[WhiteElo "2565"]
[BlackElo "2222"]
[WhiteFideId "13500465"]
[BlackFideId "24124117"]
[EventDate "2016.07.03"]

1. e4 c5 2. Nf3 e6 3. d4 cxd4 4. Nxd4 Nf6 5. Nc3 Bb4 6. e5 Nd5 7. Qg4 O-O 8. Bh6
g6 9. Bxf8 Qxf8 10. Qg3 Qc5 11. Ne2 Nc6 12. O-O-O Nxc3 13. Nxc3 Bxc3 14. Qxc3
Qxc3 15. bxc3 Nxe5 16. Be2 f5 17. f4 Nf7 18. g4 fxg4 19. Bxg4 b5 20. Rhg1 Kg7
21. f5 exf5 22. Bxf5 d6 23. Bxc8 Rxc8 24. Rge1 Kf6 25. Re2 Rc5 26. Rf1+ Rf5 27.
Rxf5+ gxf5 28. Re8 Ng5 29. Ra8 Nf3 30. Rxa7 h5 31. c4 bxc4 32. a4 Nxh2 33. a5 1-0

[Event "Polugaevsky Memorial 2016"]
[Site "Samara RUS"]
[Date "2016.07.05"]
[Round "3.9"]
[White "Yeletsky, Ivan"]
[Black "Lintchevski, Daniil"]
[Result "1/2-1/2"]
[WhiteTitle "FM"]
[BlackTitle "GM"]
[WhiteElo "2344"]
[BlackElo "2548"]
[WhiteFideId "24180327"]
[BlackFideId "4171055"]
[EventDate "2016.07.03"]

1. d4 Nf6 2. c4 e6 3. Nc3 Bb4 4. e3 O-O 5. Ne2 c6 6. a3 Ba5 7. Ng3 d5 8. Qc2
Nbd7 9. cxd5 cxd5 10. Bd2 e5 11. Be2 Bb6 12. dxe5 Nxe5 13. O-O Be6 14. Rad1 Rc8
15. Qb1 Nc4 16. Be1 Qd7 17. Bf3 Rfd8 18. Nge4 Qc6 19. Nxf6+ gxf6 20. Ne2 Ne5 21.
Bh5 Qc2 22. Bc3 Qxb1 23. Rxb1 Kg7 24. Rbd1 Nc4 25. Bf3 Ne5 26. Bh5 Nc4 27. Nf4
Nxa3 28. Bf3 d4 29. Bxd4 Bxd4 30. exd4 Nc4 31. Rfe1 Rd6 32. b3 Na3 33. Bxb7 Rc7
34. d5 Bd7 35. Bc6 Bxc6 36. dxc6 Rxd1 37. Rxd1 Rxc6 38. g3 Nb5 39. Kg2 Rc3 40.
b4 Rc4 41. Nd5 Nc7 42. Nxc7 Rxc7 43. Rd6 Rc4 44. Ra6 Rxb4 45. Rxa7 1/2-1/2

[Event "Polugaevsky Memorial 2016"]
[Site "Samara RUS"]
[Date "2016.07.06"]
[Round "4.1"]
[White "Stukopin, Andrey"]
[Black "Utegaliyev, Azamat"]
[Result "1/2-1/2"]
[WhiteTitle "GM"]
[WhiteElo "2595"]
[BlackElo "2494"]
[WhiteFideId "24107131"]
[BlackFideId "13702467"]
[EventDate "2016.07.03"]

1. e4 e5 2. Nf3 Nc6 3. Nc3 Nf6 4. Bb5 Nd4 5. Ba4 c6 6. Nxe5 d5 7. exd5 Bd6 8.
Nc4 b5 9. Nxd6+ Qxd6 10. Bb3 O-O 11. d3 Re8+ 12. Be3 cxd5 13. O-O Ng4 14. g3
Nxb3 15. axb3 Nxe3 16. fxe3 Rxe3 17. Qd2 d4 18. Nxb5 Qe5 19. Qf2 f6 20. c4 Bb7
21. Rae1 Re8 22. Rxe3 dxe3 23. Qe2 a6 24. Nc3 f5 25. Rf4 Rd8 26. h4 g6 27. Kh2
h6 28. Nd5 Bxd5 29. cxd5 Qxd5 30. Qxe3 Qxd3 31. Qe6+ Kg7 32. Qe7+ Kg8 33. Qe6+
Kg7 34. Qe7+ Kg8 35. Qe6+ Kg7 36. Qe7+ Kg8 37. Qe6+ Kg7 38. Qe7+ Kg8 39. Qe6+
Kg7 40. Qe7+ Kg8 41. Qe6+ 1/2-1/2

[Event "Polugaevsky Memorial 2016"]
[Site "Samara RUS"]
[Date "2016.07.06"]
[Round "4.2"]
[White "Oganian, Miran"]
[Black "Yudin, Sergei"]
[Result "1-0"]
[WhiteTitle "IM"]
[BlackTitle "GM"]
[WhiteElo "2433"]
[BlackElo "2531"]
[WhiteFideId "4122488"]
[BlackFideId "4159659"]
[EventDate "2016.07.03"]

1. d4 d5 2. c4 e6 3. Nf3 c6 4. Qc2 dxc4 5. Qxc4 Nf6 6. g3 b5 7. Qd3 Bb7 8. Bg2
a6 9. Nfd2 Qb6 10. O-O Nbd7 11. a4 Be7 12. axb5 axb5 13. Rxa8+ Bxa8 14. Nb3 O-O
15. Be3 c5 16. dxc5 Nxc5 17. Bxa8 Rxa8 18. Qc2 Nfd7 19. Rc1 1-0

[Event "Polugaevsky Memorial 2016"]
[Site "Samara RUS"]
[Date "2016.07.06"]
[Round "4.3"]
[White "Rozum, Ivan"]
[Black "Yanchenko, Roman"]
[Result "1/2-1/2"]
[WhiteTitle "GM"]
[BlackTitle "FM"]
[WhiteElo "2581"]
[BlackElo "2414"]
[WhiteFideId "24104272"]
[BlackFideId "4137329"]
[EventDate "2016.07.03"]

1. c4 c6 2. Nf3 d5 3. g3 Nf6 4. Bg2 g6 5. b3 Bg7 6. Bb2 O-O 7. O-O Nbd7 8. d4
Ne4 9. e3 b5 10. cxb5 cxb5 11. Nbd2 Ndf6 12. Ne5 Bb7 13. f3 Nd6 14. Qe2 b4 15.
Rfc1 a5 16. Qe1 e6 17. a3 Qb6 18. Nd3 Ba6 19. Nc5 bxa3 20. Rxa3 Bb5 21. Rca1 Nd7
22. Na4 Bxa4 23. Rxa4 Rfc8 24. R4a2 e5 25. dxe5 Nxe5 26. Bd4 Qd8 27. Bxe5 Bxe5
28. Rd1 Bc3 29. Qe2 Qb6 30. f4 Nf5 31. Nf1 Re8 32. Rd3 Bd4 33. Kh1 Bxe3 34. Bxd5
Rad8 35. Qd1 Bc5 36. Rad2 Bb4 37. Re2 Qf6 38. Bg2 Kg7 39. Re4 Rxd3 40. Qxd3 Rd8
41. Qb1 h5 42. Ne3 Nxe3 43. Rxe3 Rd2 44. h4 Bc5 45. Rd3 Re2 46. Qc1 Qe7 47. Qc3+
Kh7 48. Bf3 Qe6 49. f5 Qxf5 50. g4 Re1+ 51. Qxe1 Qxd3 52. Qd1 Qe3 53. gxh5 gxh5
54. Kg2 Qf2+ 55. Kh3 Be7 56. Bxh5 Qxh4+ 57. Kg2 f5 58. Qf3 Qg5+ 59. Kh3 Kh6 60.
Bf7 Kg7 61. Bc4 Qh6+ 62. Kg2 Qd2+ 63. Kh3 Kf6 64. Qe2 Qc3+ 65. Kg2 Bb4 66. Qe6+
Kg5 67. Qg8+ Kh6 68. Qe6+ Kg5 69. Qg8+ Kf4 70. Qb8+ 1/2-1/2

[Event "Polugaevsky Memorial 2016"]
[Site "Samara RUS"]
[Date "2016.07.06"]
[Round "4.4"]
[White "Drygalov, Sergey"]
[Black "Fedorov, Alexei"]
[Result "1/2-1/2"]
[BlackTitle "GM"]
[WhiteElo "2400"]
[BlackElo "2565"]
[WhiteFideId "24171743"]
[BlackFideId "13500465"]
[EventDate "2016.07.03"]

1. d4 Nf6 2. Nf3 g6 3. c4 Bg7 4. g3 O-O 5. Bg2 d6 6. O-O Nc6 7. Nc3 Bf5 8. d5
Na5 9. Nd4 Bd7 10. b3 c6 11. dxc6 Nxc6 12. Bb2 Qa5 13. e3 Rfc8 14. Qe2 Bg4 15.
Qd2 Qh5 16. Nde2 Qa5 17. f3 Bd7 18. e4 a6 19. Qe3 b5 20. cxb5 axb5 21. Rfc1 b4
22. Na4 Rab8 23. h3 e5 24. a3 Ne8 25. Kh2 Be6 26. Rab1 bxa3 27. Bxa3 Nd4 28.
Nxd4 exd4 29. Qd3 Rxc1 30. Bxc1 Nc7 31. Bf4 Nb5 32. Nc5 Qc3 33. Rc1 Qxd3 34.
Nxd3 Bxb3 35. Nb4 h6 36. h4 Be6 37. Bf1 Nc3 38. Bxd6 Ra8 39. g4 g5 40. hxg5 hxg5
41. Nc6 1/2-1/2

[Event "Polugaevsky Memorial 2016"]
[Site "Samara RUS"]
[Date "2016.07.06"]
[Round "4.5"]
[White "Kotlyar, Kirill"]
[Black "Predke, Alexandr"]
[Result "1/2-1/2"]
[WhiteTitle "FM"]
[BlackTitle "GM"]
[WhiteElo "2379"]
[BlackElo "2540"]
[WhiteFideId "24145599"]
[BlackFideId "24107581"]
[EventDate "2016.07.03"]

1. c4 e6 2. g3 d5 3. Bg2 dxc4 4. Qa4+ Nd7 5. Qxc4 Rb8 6. d4 b5 7. Qc2 Ngf6 8.
Nf3 Bb7 9. O-O c5 10. Bg5 Qb6 11. a4 cxd4 12. axb5 Bc5 13. b4 Bxb4 14. Qa4 Bc5
15. Na3 Nd5 16. Nc4 Qc7 17. Bd2 O-O 18. Rfc1 Rfc8 19. Na5 Qb6 20. Nxb7 Qxb7 21.
Rab1 Qb6 22. Ne1 Qd6 23. Nd3 Bb6 24. Rc6 Rxc6 25. bxc6 Nc5 26. Qa3 Rd8 27. Bxd5
Qxd5 28. c7 Bxc7 29. Qxc5 Bb6 30. Qxd5 Rxd5 31. Rc1 g5 32. f4 gxf4 33. gxf4 f6
34. Kg2 Kf7 35. Rc8 Rh5 36. Bb4 e5 37. fxe5 fxe5 38. Kf3 Ke6 39. Bc5 Kd7 40. Ra8
e4+ 41. Kxe4 Bxc5 42. Nxc5+ Rxc5 43. Rxa7+ Ke6 44. Rxh7 Re5+ 45. Kd3 Re3+ 46.
Kd2 Ra3 47. Rh8 Rb3 48. h4 Rh3 49. h5 Kf6 50. h6 Kf7 51. Rh7+ Kg6 52. Rd7 Kxh6
53. Rxd4 Kg5 54. Ra4 Kf5 1/2-1/2

[Event "Polugaevsky Memorial 2016"]
[Site "Samara RUS"]
[Date "2016.07.06"]
[Round "4.6"]
[White "Murtazin, Bulat"]
[Black "Demidov, Mikhail"]
[Result "1/2-1/2"]
[WhiteTitle "FM"]
[BlackTitle "IM"]
[WhiteElo "2362"]
[BlackElo "2514"]
[WhiteFideId "24151351"]
[BlackFideId "4197143"]
[EventDate "2016.07.03"]

1. d4 d5 2. c4 e6 3. Nf3 Nf6 4. Nc3 Be7 5. Bf4 O-O 6. e3 b6 7. Qc2 Na6 8. a3 Bb7
9. cxd5 Nxd5 10. Nxd5 Qxd5 11. Qa4 Qa5+ 12. Qxa5 bxa5 13. Nd2 a4 14. f3 c5 15.
Nc4 cxd4 16. exd4 Nb8 17. O-O-O Bd5 18. Na5 Rc8+ 19. Kb1 Bd8 20. Bd2 Bb6 21. Bb5
Nc6 22. Nxc6 Bxc6 23. Bxc6 Rxc6 24. Bc3 Rd8 25. Rd2 Rd5 26. Rhd1 Rc4 27. Kc2 Kf8
28. Kd3 Rc8 29. Re1 Bc7 30. Bb4+ Ke8 31. Rc2 a5 32. Rc5 Rxc5 33. Bxc5 Kd7 34. d5
e5 35. f4 Bd8 36. Be3 exf4 37. Bxf4 Rc5 38. d6 Rb5 39. Be5 f6 40. Bc3 Kxd6 41.
Re4 Rd5+ 42. Ke2 Bc7 43. Rxa4 h5 44. h4 Ke6 45. g4 g6 46. gxh5 Rxh5 47. Re4+ Kf7
48. Rc4 Bg3 49. Ra4 Bc7 50. Rc4 Bd8 51. a4 f5 52. Be1 g5 53. hxg5 Rh2+ 54. Kf3
Rxb2 55. Kf4 Rb1 56. Bh4 Ke6 57. Rc6+ Kd5 58. Rc2 Rf1+ 59. Rf2 Rxf2+ 60. Bxf2
Bxg5+ 1/2-1/2

[Event "Polugaevsky Memorial 2016"]
[Site "Samara RUS"]
[Date "2016.07.06"]
[Round "4.7"]
[White "Iskusnyh, Sergei"]
[Black "Nozdrachev, Leonid"]
[Result "1-0"]
[WhiteTitle "GM"]
[BlackTitle "FM"]
[WhiteElo "2460"]
[BlackElo "2411"]
[WhiteFideId "4120027"]
[BlackFideId "24113433"]
[EventDate "2016.07.03"]

1. d4 Nf6 2. c4 e6 3. Nf3 Bb4+ 4. Bd2 a5 5. Qc2 O-O 6. e4 Bxd2+ 7. Nbxd2 d6 8.
e5 dxe5 9. dxe5 Nfd7 10. Bd3 Nc6 11. Bxh7+ Kh8 12. Be4 Ncxe5 13. Nxe5 Nxe5 14.
Qc3 Ng4 15. Nf3 Qd6 16. O-O Rd8 17. c5 Qe7 18. Rad1 f5 19. Bc2 Bd7 20. h3 Nf6
21. Rfe1 g6 22. Ng5 Rf8 23. Bb3 Ra6 24. Rxd7 Qxd7 25. Nxe6 Rf7 26. Rd1 Qxe6 27.
Bxe6 Rxe6 28. Qxa5 Ne4 29. Qa8+ Kg7 30. Qxb7 g5 31. c6 Kg6 32. Rd7 Nc5 33. Qxc7
Re1+ 34. Kh2 Ne6 35. Rxf7 Nxc7 36. Rxc7 Re2 37. Rb7 Rxf2 38. Rb3 1-0

[Event "Polugaevsky Memorial 2016"]
[Site "Samara RUS"]
[Date "2016.07.06"]
[Round "4.8"]
[White "Nozdrachev, Vladislav"]
[Black "Gutenev, Alexander"]
[Result "1/2-1/2"]
[WhiteTitle "IM"]
[BlackTitle "FM"]
[WhiteElo "2455"]
[BlackElo "2398"]
[WhiteFideId "24113441"]
[BlackFideId "4195540"]
[EventDate "2016.07.03"]

1. e4 c5 2. Nf3 d6 3. d4 cxd4 4. Nxd4 Nf6 5. Nc3 Nc6 6. Bb5 Bd7 7. O-O e6 8. b3
Be7 9. Bb2 O-O 10. Re1 Qc7 11. Nxc6 bxc6 12. Bd3 e5 13. Na4 Be6 14. c4 Nd7 15.
Nc3 f5 16. exf5 Bxf5 17. Bxf5 Rxf5 18. Nd5 Qd8 19. Qg4 Rf7 20. Ne3 Bf8 21. Rad1
Qf6 22. Rf1 Qe7 23. Ba3 Nf6 24. Qg5 Qe6 25. Bb2 Re8 26. Qf5 Qxf5 27. Nxf5 d5 28.
Rfe1 Ng4 29. f3 Rxf5 30. fxg4 Bc5+ 31. Bd4 Bxd4+ 32. Rxd4 Rff8 33. Rd2 dxc4 34.
bxc4 Rf4 35. h3 Re7 36. Rf1 Kf7 37. Rd6 Re6 38. Rd7+ Re7 39. Rd6 Re6 40. Rd7+
Re7 41. Rd6 1/2-1/2

[Event "Polugaevsky Memorial 2016"]
[Site "Samara RUS"]
[Date "2016.07.06"]
[Round "4.9"]
[White "Musaev, Rasul"]
[Black "Konovalov, Nikolay"]
[Result "0-1"]
[WhiteTitle "FM"]
[BlackTitle "IM"]
[WhiteElo "2219"]
[BlackElo "2444"]
[WhiteFideId "24146870"]
[BlackFideId "4170962"]
[EventDate "2016.07.03"]

1. e4 g6 2. d4 Bg7 3. Nc3 d6 4. Be3 a6 5. f4 b5 6. Bd3 Bb7 7. a3 Nd7 8. Nf3 c5
9. O-O Ngf6 10. dxc5 Ng4 11. Qe2 Nxe3 12. Qxe3 Nxc5 13. Be2 Qb6 14. e5 Nd7 15.
Qxb6 Nxb6 16. Rfd1 dxe5 17. Nxe5 Rc8 18. Bd3 f6 19. Nf3 Nc4 20. Bxc4 Rxc4 21.
Nd4 Kf7 22. Nce2 Rd8 23. c3 Rd6 24. Kf2 Rc8 25. Nc2 Rcd8 26. Ne3 f5 27. Rxd6
Rxd6 28. Rd1 Rxd1 29. Nxd1 e5 30. g3 Ke6 31. Ne3 Kd6 32. fxe5+ Kxe5 33. Nd4 Bh6
34. Nb3 Bf8 35. c4 f4 36. gxf4+ Kxf4 37. cxb5 axb5 38. Nd4 Ke4 39. Nxb5 Bc5 40.
Nc3+ Kd3 41. Nd1 Bd4 42. a4 Kd2 43. b4 Bd5 44. a5 Bc6 45. h4 h5 46. b5 Bxb5 47.
Kf3 Be2+ 48. Ke4 Bf6 49. Nd5 Bxh4 50. N1e3 Bf2 51. Ng2 g5 52. Kf5 h4 53. Ndf4
gxf4 54. Nxf4 Bf3 55. a6 Be3 56. Nh3 Ke2 57. a7 Kf1 58. Nf4 Bxa7 59. Kg5 Be3 0-1

[Event "Polugaevsky Memorial 2016"]
[Site "Samara RUS"]
[Date "2016.07.07"]
[Round "5.1"]
[White "Utegaliyev, Azamat"]
[Black "Oganian, Miran"]
[Result "1-0"]
[BlackTitle "IM"]
[WhiteElo "2494"]
[BlackElo "2433"]
[WhiteFideId "13702467"]
[BlackFideId "4122488"]
[EventDate "2016.07.03"]

1. c4 Nf6 2. Nc3 e6 3. Nf3 d5 4. d4 dxc4 5. e4 Bb4 6. Bxc4 Nxe4 7. O-O Nxc3 8.
bxc3 Be7 9. Ne5 Nc6 10. Qg4 O-O 11. Bh6 Bf6 12. Rad1 Ne7 13. Bc1 c5 14. Rfe1
cxd4 15. cxd4 Qc7 16. h4 Nf5 17. Bg5 Be7 18. Bb3 a5 19. Bxe7 Nxe7 20. Qe4 a4 21.
Bc2 f5 22. Qe2 Nd5 23. Bd3 Qe7 24. Rc1 Qxh4 25. Bc4 Nf6 26. Rcd1 b5 27. Nf3 Qh5
28. Bxe6+ Bxe6 29. Qxe6+ Qf7 30. Qxf5 Qxa2 31. d5 g6 32. Qe6+ Kh8 33. Ne5 Nxd5
34. Re2 Qb3 35. Rxd5 Qb1+ 36. Kh2 Rae8 37. Qh3 a3 38. Rd7 h5 39. Qe3 1-0

[Event "Polugaevsky Memorial 2016"]
[Site "Samara RUS"]
[Date "2016.07.07"]
[Round "5.2"]
[White "Konovalov, Nikolay"]
[Black "Stukopin, Andrey"]
[Result "1-0"]
[WhiteTitle "IM"]
[BlackTitle "GM"]
[WhiteElo "2444"]
[BlackElo "2595"]
[WhiteFideId "4170962"]
[BlackFideId "24107131"]
[EventDate "2016.07.03"]

1. g3 c5 2. Bg2 Nc6 3. e4 h5 4. h3 h4 5. g4 e5 6. f4 exf4 7. Nf3 g5 8. d4 Nxd4
9. Nxd4 cxd4 10. Qxd4 Rh6 11. Nc3 Ne7 12. b3 Nc6 13. Qd2 Bb4 14. O-O Rd6 15. Qe1
Nd4 16. Bb2 Rc6 17. Rd1 Nb5 18. Rf3 Qa5 19. Rd5 Rxc3 20. Rxb5 Rxf3 21. Rxa5 Bxe1
22. Re5+ Kf8 23. Ba3+ d6 24. Bxd6+ Kg7 25. Bxf3 Kg6 26. Re8 Bxg4 27. Rxa8 Bxf3
28. Rg8+ Kf6 29. e5+ Kf5 30. Be7 g4 31. hxg4+ Kxe5 32. Rh8 Bxg4 33. Bxh4 Bg3 34.
Kg2 Bxh4 35. Rxh4 Bd1 36. c3 Bc2 37. Kf2 Bb1 38. Rh5+ f5 39. Rh7 Be4 40. Rd7 Bc6
41. Rd8 a6 42. a4 Ke6 43. Rd2 Ke7 44. a5 Ke8 45. c4 Ke7 46. b4 Ke8 47. Rb2 Be4
48. b5 axb5 49. cxb5 Kd7 50. a6 Kc8 51. a7 b6 52. Ra2 Ba8 53. Ra6 Kc7 54. Ke2
f3+ 55. Ke3 f4+ 56. Kf2 1-0

[Event "Polugaevsky Memorial 2016"]
[Site "Samara RUS"]
[Date "2016.07.07"]
[Round "5.3"]
[White "Predke, Alexandr"]
[Black "Iskusnyh, Sergei"]
[Result "1-0"]
[WhiteTitle "GM"]
[BlackTitle "GM"]
[WhiteElo "2540"]
[BlackElo "2460"]
[WhiteFideId "24107581"]
[BlackFideId "4120027"]
[EventDate "2016.07.03"]

1. e4 e6 2. d4 d5 3. Nc3 Nf6 4. e5 Nfd7 5. f4 c5 6. Nf3 Nc6 7. Be3 Be7 8. Qd2 a6
9. Be2 b5 10. a3 Qb6 11. Nd1 cxd4 12. Nxd4 Nxd4 13. Bxd4 Bc5 14. c3 f6 15. exf6
Nxf6 16. Nf2 Bxd4 17. Qxd4 Qxd4 18. cxd4 Ke7 19. Kd2 Bd7 20. Rhc1 h6 21. Ke3 g5
22. Nd3 gxf4+ 23. Nxf4 Kd6 24. Nd3 Rhc8 25. g4 Be8 26. h4 Nd7 27. h5 e5 28.
dxe5+ Nxe5 29. Rxc8 Rxc8 30. Rf1 Nd7 31. Rf5 a5 32. Bf3 Ke7 33. Bxd5 Nf6 34.
Re5+ Kf8 35. Be6 Rc2 36. Bf5 Rh2 37. Re6 Kg7 38. Ra6 a4 39. Be6 Rg2 40. Ra7+ Kf8
41. Ne5 Nxh5 42. gxh5 Bxh5 43. Rh7 Rxb2 44. Nd7+ 1-0

[Event "Polugaevsky Memorial 2016"]
[Site "Samara RUS"]
[Date "2016.07.07"]
[Round "5.4"]
[White "Khanin, Semen"]
[Black "Rozum, Ivan"]
[Result "1/2-1/2"]
[WhiteTitle "IM"]
[BlackTitle "GM"]
[WhiteElo "2386"]
[BlackElo "2581"]
[WhiteFideId "4111990"]
[BlackFideId "24104272"]
[EventDate "2016.07.03"]

1. e4 g6 2. d4 Bg7 3. Nf3 d6 4. Nc3 Nf6 5. Be2 O-O 6. O-O c5 7. d5 Na6 8. h3 Nc7
9. a4 b6 10. Bf4 Bb7 11. Bc4 a6 12. Qe2 e6 13. dxe6 Nxe6 14. Bh2 Nd4 15. Nxd4
cxd4 16. Nd5 Re8 17. Nxf6+ Qxf6 18. f3 d5 19. Bd3 Qe7 20. Rae1 Qd7 21. b3 dxe4
22. fxe4 Re7 23. e5 Rae8 24. Bc4 Kh8 25. Qf2 Qc6 26. Re2 Bxe5 27. Bxe5+ Rxe5 28.
Rxe5 Rxe5 29. Bxf7 Qd6 30. Bc4 Rf5 31. Qe2 Rxf1+ 32. Qxf1 Qe7 33. Bxa6 Bxa6 34.
Qxa6 Qe3+ 35. Kh2 Qf4+ 36. Kg1 Qe3+ 37. Kh2 Qf4+ 38. Kg1 1/2-1/2

[Event "Polugaevsky Memorial 2016"]
[Site "Samara RUS"]
[Date "2016.07.07"]
[Round "5.5"]
[White "Fedorov, Alexei"]
[Black "Kotlyar, Kirill"]
[Result "1-0"]
[WhiteTitle "GM"]
[BlackTitle "FM"]
[WhiteElo "2565"]
[BlackElo "2379"]
[WhiteFideId "13500465"]
[BlackFideId "24145599"]
[EventDate "2016.07.03"]

1. c4 Nf6 2. d4 g6 3. f3 Nc6 4. d5 Ne5 5. e4 d6 6. Nc3 Bg7 7. f4 Ned7 8. Nh3 O-O
9. Be2 Nc5 10. Nf2 e6 11. dxe6 fxe6 12. Be3 Nfd7 13. Qc2 a5 14. h4 a4 15. h5 a3
16. b3 b5 17. cxb5 Bb7 18. hxg6 hxg6 19. e5 dxe5 20. Qxg6 Rf7 21. Ng4 Kf8 22.
fxe5 1-0

[Event "Polugaevsky Memorial 2016"]
[Site "Samara RUS"]
[Date "2016.07.07"]
[Round "5.6"]
[White "Litvinov, Maxim"]
[Black "Lintchevski, Daniil"]
[Result "1/2-1/2"]
[BlackTitle "GM"]
[WhiteElo "2373"]
[BlackElo "2548"]
[WhiteFideId "24157449"]
[BlackFideId "4171055"]
[EventDate "2016.07.03"]

1. e4 c5 2. Nf3 Nc6 3. d4 cxd4 4. Nxd4 Nf6 5. Nc3 e5 6. Ndb5 d6 7. Bg5 a6 8. Na3
b5 9. Nd5 Be7 10. Bxf6 Bxf6 11. g3 Bg5 12. Bg2 O-O 13. O-O Ne7 14. c3 Nxd5 15.
Qxd5 Be6 16. Qd3 Qb6 17. h4 Bh6 18. c4 Rfb8 19. Rfd1 g6 20. cxb5 axb5 21. Bf1
Ra4 22. Qxd6 Qxd6 23. Rxd6 b4 24. Nb5 Rxa2 25. Rxa2 Bxa2 26. Nc7 Bb1 27. Bd3 Rc8
28. Bxb1 Rxc7 29. Bd3 Rc1+ 30. Kg2 Rd1 31. b3 Rd2 32. Kf3 Bf8 33. Rd5 Bc5 34.
Rxc5 Rxd3+ 35. Ke2 Rxb3 36. Rxe5 Rb2+ 37. Ke3 Rb3+ 38. Kf4 Kg7 39. f3 Kf6 40.
Rb5 Ke6 41. Rb7 h5 42. g4 hxg4 43. fxg4 Rb1 44. h5 gxh5 45. gxh5 b3 46. h6 b2
47. h7 Rh1 48. Rxb2 Rxh7 49. Rb6+ 1/2-1/2

[Event "Polugaevsky Memorial 2016"]
[Site "Samara RUS"]
[Date "2016.07.07"]
[Round "5.7"]
[White "Yudin, Sergei"]
[Black "Natacheev, Peter"]
[Result "1-0"]
[WhiteTitle "GM"]
[BlackTitle "FM"]
[WhiteElo "2531"]
[BlackElo "2371"]
[WhiteFideId "4159659"]
[BlackFideId "4191854"]
[EventDate "2016.07.03"]

1. e4 e5 2. Nf3 Nc6 3. Bc4 Bc5 4. d3 Nf6 5. O-O d6 6. c3 a6 7. a4 Ba7 8. Na3 O-O
9. Bg5 h6 10. Bh4 Be6 11. Re1 Qe7 12. b4 g5 13. Bg3 Rfe8 14. b5 axb5 15. axb5
Nd8 16. d4 exd4 17. cxd4 Nh5 18. d5 Bg4 19. Nc2 Nxg3 20. hxg3 Qf6 21. b6 cxb6
22. Qd4 Qg6 23. Bb5 Re7 24. Nh2 Bd7 25. Bxd7 Rxd7 26. Ne3 h5 27. Re2 Re7 28. Nf5
Qxf5 29. exf5 Rxe2 30. Nf3 g4 31. Ng5 Rc8 32. Qf6 b5 33. Rxa7 Re1+ 34. Kh2 Rcc1
35. Qxd8+ Kg7 36. Ne6+ Kh7 37. Nf8+ Kg7 38. Qg5+ Kh8 39. Qh6+ Kg8 40. Qh7+ Kxf8
41. Qh8+ Ke7 42. Rxb7+ Rc7 43. Rxc7# 1-0

[Event "Polugaevsky Memorial 2016"]
[Site "Samara RUS"]
[Date "2016.07.07"]
[Round "5.8"]
[White "Demidov, Mikhail"]
[Black "Sanzhaev, Darsen"]
[Result "1-0"]
[WhiteTitle "IM"]
[BlackTitle "FM"]
[WhiteElo "2514"]
[BlackElo "2363"]
[WhiteFideId "4197143"]
[BlackFideId "24120030"]
[EventDate "2016.07.03"]

1. c4 Nf6 2. Nc3 e5 3. Nf3 Nc6 4. e4 Bc5 5. Nxe5 Nxe5 6. d4 Bb4 7. dxe5 Nxe4 8.
Qd3 Nc5 9. Qg3 Ne6 10. a3 Bxc3+ 11. Qxc3 d6 12. Be3 dxe5 13. Qxe5 O-O 14. Rd1
Qe7 15. Be2 f6 16. Qc3 c5 17. O-O b6 18. Bf3 Bb7 19. Bd5 Bxd5 20. cxd5 Nd8 21.
d6 Qd7 22. Qc4+ Ne6 23. Rfe1 Rae8 24. b4 cxb4 25. axb4 Kh8 26. Qd5 Rc8 27. Bxb6
Nf4 28. Qf3 axb6 29. Qxf4 Rfe8 30. h3 h6 31. Qd4 Rxe1+ 32. Rxe1 Rc6 33. Rd1 b5
34. Qd5 Ra6 35. Qc5 Ra8 36. Rd5 Rd8 37. Qc7 Kg8 38. Kf1 Kf8 39. h4 Ke8 40. h5
Rc8 41. Qxd7+ Kxd7 42. Rxb5 Kxd6 43. Rb7 Rg8 44. Rb6+ Ke5 45. Rb5+ Kf4 46. Rc5
Kg4 47. b5 Ra8 48. Ke2 Ra2+ 49. Ke3 Rb2 50. f3+ Kg3 51. Kd4 Kf4 52. Kd5 Rxg2 53.
b6 Kxf3 54. b7 Rb2 55. Kc6 Rxb7 56. Kxb7 Kg4 57. Kc6 f5 58. Kd6 Kxh5 59. Rxf5+
Kg4 60. Ke5 g5 61. Ke4 h5 62. Ra5 h4 1-0